Loreto College Library, Kolkata
WEBOPAC (ONLINE PUBLIC ACCESS CATALOGUE)

Introduction to physiological psychology (Record no. 41974)

MARC details
000 -LEADER
fixed length control field 00632nam a2200217Ia 4500
005 - DATE AND TIME OF LATEST TRANSACTION
control field 20190320164807.0
008 - FIXED-LENGTH DATA ELEMENTS--GENERAL INFORMATION
fixed length control field 131103s9999 xx 000 0 und d
020 ## - ISBN | অাই এস বি এন
ISBN | অাই এস বি এন 0134930568
PRICE Rs.2689.00
040 ## - CATALOGING SOURCE
Original cataloging agency Loreto College
041 ## - LANGUAGE CODE
Language code English
082 ## - DDC | ডিউই
Classification number | বর্গসংখ্যা 152.5
Book Number | গ্রন্থাঙ্ক LEV
100 ## - MAIN ENTRY--PERSONAL NAME | মুখ্য সংলেখ - ব্যাক্তিনাম
Personal name | ব্যাক্তিনাম Levinthal,Charles E.
245 ## - TITLE STATEMENT | অাখ্যা বিবরণী
Title | অাখ্যা Introduction to physiological psychology
Statement of responsibility | লেখকের দায়িত্বের বিবরণ Charles E. Levinthal
250 ## - EDITION STATEMENT | সংস্করণ ক্ষেত্র
Edition statement | সংস্করণ 2nd ed
260 ## - IMPRINT | প্রকাশনা ক্ষেত্র
Place of publication | প্রকাশ স্থান New Jersey
Name of publisher | প্রকাশকের নাম Prentice-Hall
Date of publication | প্রকাশ কাল 1983
300 ## - PHYSICAL DESCRIPTION |
Page / Vol. No | পৃষ্ঠা / খন্ড সংখ্যা xii,515p
504 ## - BIBLIOGRAPHY, ETC. NOTE
Bibliography, etc Includes bibliographical references and index
650 ## - SUBJECT ADDED ENTRY--TOPICAL TERM | বিষয় শিরোনাম - মূল বিষয়
Topical term | মূল বিষয় Physiological psychology
850 ## - HOLDING INSTITUTION
Holding institution LCLIB
Sub Holdings PsySemLib
942 ## - ADDED ENTRY ELEMENTS (KOHA)
Koha item type Books
Holdings
Withdrawn status Lost status Source of classification Damaged status Not for loan Home library Current library Shelving location Date acquired Price Total Checkouts Full call number Accession No. Date last seen Date checked out Price effective from Koha item type SEMLIB Coded location qualifier
    Dewey Decimal Classification     Loreto College Loreto College Seminar Library 06/03/2019 2659.00 1 152.5 LEV 53342 PsySemLib/1173 45927 09/03/2019 09/03/2019 06/03/2019 Books PsySemLib